000 00845nam a2200253Ia 4500
003 OSt
005 20221005110534.0
006 a|||||r|||| 00| 0
007 ta
008 221004b |||||||| |||| 00| 0 hin d
020 _a8177143581 (hbk)
_c400
024 _a100307
037 _b421, 25/03/2010, Swaraj Prakashan
_cTextual
040 _aCRL
_cCRL
_bhin
041 _2hin
_ahin
082 _aP, 152P9
100 _aश्यामसुंदर दास
245 0 _aभाषाविज्ञान
246 _aBhāṣhāvijnyāna
260 _aनई दिल्ली
_bप्रकाशन संस्थान भारत
_c2008
300 _a288पृ0
_ccm.
942 _hP, 152P9
_cTEXL
_2cc
999 _c1019127
_d1019127